Statistics for Video Games General Knowledge True or False #1

Click here to take the quiz!

General Stats

  • This quiz has been taken 116 times
  • The average score is 10 of 20

Answer Stats

QuestionAnswer% Correct
'Horizon Zero Dawn' main character, Aloy, shares the same voice actor as Tiny Tina from the 'Borderlands' franchise.True
70%
'Portal' and 'Half-Life' share a universe.True
70%
The 'Assassin's Creed' franchise was never geographically placed in Denmark.True
67%
Mario from 'Super Mario Bros' was originally a mechanic.False
66%
Jormungandr, from 'God of War' is Kratos' son.False
66%
The iconic weapon BFG9000, from the 'Doom' franchise, appear in every Doom game to date (2021).True
66%
Nathan Drake's childhood name from 'Uncharted' is Nathan Gordon.False
53%
Ty, from 'Ty the Tasmanian Tiger's full name is Tyrone.True
53%
'Fallout 4's story revolves around your character who comes out from Vault 004.False
52%
When mastering pick-pocketing in 'The Elder Scrolls IV:Oblivion', you get the ability to steal hearts from NPCs.False
52%
Geralt of Rivia from 'The Witcher' franchise is not from Rivia.True
52%
'League of Legends' was originally planned with a subtitle titled 'Clash of Fates'.True
51%
Rayman from the 'Rayman' franchise has a brother named Zaplad.False
49%
Rocket League is a sequel to a game called 'Supersonic Acrobatic Rocket-Powered Battle-Cars'.True
45%
'Undertale' has over 90 different endings.True
43%
Rathalos from the 'Monster Hunter' franchise is an Elder Dragon.False
39%
'Devil May Cry's director never stayed the same throughout the franchise.False
37%
You can play Chutes & Ladders with a specific Little Sister in 'Bioshock 2'.False
31%
Link's full name from 'The Legend of Zelda' is Link Link.True
30%
In 'Watch_Dogs' there is a single occasion where you can hack a Score Pad of a soccer game in the city's stadium.False
21%

Score Distribution

Percentile by Number Answered

Percent of People with Each Score

Your Score History

You have not taken this quiz